000 01222nam a2200325Ia 4500
001 Para_9504
003 CHAP
008 220125s2008 xx 000 0 und d
010 _a208178
040 _cCHAP
090 _aTESIS 2216
100 _aCarballo Sánchez, Martín
_918801
245 _aEvaluación de agentes de biocontrol contra la marchitez del agave causada por Fusarium spp bajo condiciones de invernadero en agave tequilero (Agave tequilana Weber var. Azul) en Tequila, Jalisco /
_c por Martín Carballo Sánchez y Abel Díaz Castillo
260 _aChapingo, Méx. :
_b el autor
300 _a64 h.
502 _aTesis (Ing. Agr. Esp. en Parasitología Agrícola) -- UACh. Departamento Parasitología Agrícola
650 0 _aAgave tequilana
_xEnfermedades
_9174476
650 _aControl biológico de hongos
_927580
650 _aFusarium
_944082
650 _aHongos fitopatógenos
_956132
700 _aDíaz Castillo, Abel
_933402
710 _aUACh. Departamento Parasitología Agrícola
_9164025
901 _aTESIS 2216
902 _aM
905 _a0000002008 amn 0000000000 00
910 _a2008
942 _cPARA
942 _cPARA
_d2
999 _c208178
_d208178